| 000 | 00720nam a2200229 i 4500 | ||
|---|---|---|---|
| 001 | bgj | ||
| 100 | 1 | _aNUNAN, David | |
| 245 | 1 | 0 |
_aLanguage teaching course design : _btrends and issues / _cDavid Nunan. |
| 260 |
_aAdelaide, Australia : _bNational Curriculum Resource Centre, _c1985. |
||
| 300 |
_a73 pp ; _c21 cm. |
||
| 490 | 1 |
_aNCRC Curriculum development ; _v1 |
|
| 504 | _aReferences p. 63-65. | ||
| 650 | 9 |
_aLanguage and languages _xStudy and teaching _xForeign speakers |
|
| 650 | 9 | _aCourse design | |
| 830 | _aNCRC Curriculum development ; | ||
| 020 | _a0724374264 (pbk) | ||
| 040 | _cBPK | ||
| 041 | 0 | _aeng | |
| 920 | _a0-7243-7426-4 (pbk) | ||
| 942 | _cKS | ||
| 008 | s uk f |000 0 eng | ||
| 999 |
_c48215 _d48215 |
||
| 856 |
_uhttp://koha.tu.koszalin.pl/cgi-bin/koha/opac-detail.pl?biblionumber=48215 _yKatalog online BPK |
||